[Event "Russian Superfinal 2015"]
[Site "Chita RUS"]
[Date "2015.08.18"]
[Round "9"]
[White "Jakovenko, D."]
[Black "Artemiev, V."]
[Result "0-1"]
[WhiteElo "2759"]
[BlackElo "2671"]
[PlyCount "74"]
[EventDate "2015.08.09"]

1. e4 c5 2. Nf3 e6 3. d4 cxd4 4. Nxd4 a6 5. Bd3 Ne7 6. O-O Nbc6 7. Nb3 g6 8. c4
Bg7 9. Nc3 O-O 10. Bg5 h6 11. Bh4 g5 12. Bg3 Ne5 13. Be2 N7g6 14. Qd2 b6 15. f3
Bb7 16. Bf2 Nf4 17. Na4 Nxe2+ 18. Qxe2 Nxc4 19. Qxc4 b5 20. Qb4 bxa4 21. Na5
Bc6 22. Nxc6 dxc6 23. Qxa4 Bxb2 24. Rab1 Be5 25. Qxc6 Qd2 26. Qc5 Bf6 27. Qa3
Rfd8 28. Qa4 Rac8 29. Rbd1 Qe2 30. Rxd8+ Rxd8 31. Re1 Qb2 32. Qxa6 Rd2 33. Bg3
h5 34. Qc8+ Kg7 35. Qc1 Qd4+ 36. Kh1 h4 37. Bb8 Qf2 0-1

[Event "Russian Superfinal 2015"]
[Site "Chita RUS"]
[Date "2015.08.18"]
[Round "9"]
[White "Tomashevsky, E."]
[Black "Bukavshin, I."]
[Result "1-0"]
[WhiteElo "2747"]
[BlackElo "2655"]
[PlyCount "75"]
[EventDate "2015.08.09"]

1. d4 d5 2. c4 e6 3. Nf3 Nf6 4. Nc3 c6 5. Bg5 h6 6. Bh4 dxc4 7. e4 g5 8. Bg3 b5
9. Be2 Bb7 10. Qc2 Nh5 11. Be5 Rg8 12. h4 Nf4 13. hxg5 hxg5 14. Bxf4 gxf4 15.
d5 Nd7 16. O-O-O Qb6 17. dxe6 fxe6 18. Nd4 Nc5 19. Bh5+ Ke7 20. Be2 Rd8 21. e5
Rg7 22. Nf3 b4 23. Ne4 Rxd1+ 24. Rxd1 c3 25. Nd6 b3 26. axb3 Nxb3+ 27. Kb1 cxb2
28. Bc4 Nc5 29. Nh4 Nd7 30. Ng6+ Kd8 31. Nxb7+ Kc7 32. Nd6 Qa5 33. Ba2 Rxg6 34.
Qxg6 Qxe5 35. Ne8+ Kb6 36. Qxe6 Qxe6 37. Bxe6 Nc5 38. Ba2 1-0

[Event "Russian Superfinal 2015"]
[Site "Chita RUS"]
[Date "2015.08.18"]
[Round "9"]
[White "Karjakin, Sergey"]
[Black "Svidler, P."]
[Result "1-0"]
[WhiteElo "2753"]
[BlackElo "2739"]
[PlyCount "83"]
[EventDate "2015.08.09"]

1. e4 e5 2. Nf3 Nc6 3. Bb5 a6 4. Ba4 Nf6 5. O-O b5 6. Bb3 Bc5 7. c3 d6 8. a4
Rb8 9. d4 Bb6 10. axb5 axb5 11. Na3 O-O 12. Nxb5 Bg4 13. d5 Ne7 14. Bc2 Qd7 15.
c4 Ng6 16. h3 Bxh3 17. gxh3 Qxh3 18. Ng5 Qg3+ 19. Kh1 Qh4+ 20. Kg2 Nf4+ 21.
Bxf4 exf4 22. Nf3 Qg4+ 23. Kh1 Rfe8 24. Ra3 Nxe4 25. Bxe4 Rxe4 26. Rc3 Ba5 27.
Rc1 Rbe8 28. Nh2 Qh4 29. Nd4 h5 30. Qd3 Qf6 31. Nc6 Bb6 32. b4 f3 33. Qxf3 Rf4
34. Qc3 Qxc3 35. Rxc3 Bxf2 36. Rf3 Rxf3 37. Nxf3 Re2 38. Ng5 f6 39. Ne6 h4 40.
Nxc7 Bg3 41. Ne6 Rc2 42. b5 1-0

[Event "Russian Superfinal 2015"]
[Site "Chita RUS"]
[Date "2015.08.18"]
[Round "9"]
[White "Vitiugov, N."]
[Black "Dubov, Daniil"]
[Result "1/2-1/2"]
[WhiteElo "2719"]
[BlackElo "2654"]
[PlyCount "65"]
[EventDate "2015.08.09"]

1. d4 d5 2. c4 c6 3. Nf3 Nf6 4. Nc3 dxc4 5. a4 Bf5 6. Ne5 Nbd7 7. Nxc4 Nb6 8.
Ne5 a5 9. g3 Nfd7 10. Nxd7 Nxd7 11. e4 Bg6 12. f4 e6 13. Bg2 Bb4 14. O-O f6 15.
Be3 O-O 16. Na2 Be7 17. Qb3 Bf7 18. Qxb7 c5 19. e5 Rb8 20. Qa7 cxd4 21. Bxd4
fxe5 22. fxe5 Rxb2 23. Rfd1 Rxg2+ 24. Kxg2 Bh5 25. Be3 Bxd1 26. Rxd1 Qc8 27.
Qxd7 Qc2+ 28. Kg1 Bg5 29. Bxg5 Qf2+ 30. Kh1 Qf3+ 31. Kg1 Qf2+ 32. Kh1 Qf3+ 33.
Kg1 1/2-1/2

[Event "Russian Superfinal 2015"]
[Site "Chita RUS"]
[Date "2015.08.18"]
[Round "9"]
[White "Khismatullin, D."]
[Black "Khairullin, I."]
[Result "1-0"]
[WhiteElo "2642"]
[BlackElo "2662"]
[PlyCount "55"]
[EventDate "2015.08.09"]

1. d4 Nf6 2. c4 e6 3. Nc3 Bb4 4. e3 O-O 5. Bd3 d5 6. Nf3 c5 7. O-O dxc4 8. Bxc4
Nc6 9. a3 Ba5 10. Qd3 Bb6 11. Rd1 cxd4 12. exd4 h6 13. Bf4 Bd7 14. Ne5 Rc8 15.
Ba2 Ne7 16. Qh3 Re8 17. Rd3 Ng6 18. Nxg6 fxg6 19. Re1 g5 20. Be5 Qe7 21. Qg3
Rcd8 22. h4 gxh4 23. Qxh4 Nh7 24. Qg4 Bc8 25. Rg3 Ng5 26. Ne4 Bc7 27. Nxg5 hxg5
28. Bb1 1-0

[Event "Li Chao - Leko (match) 2015"]
[Site "Szeged HUN"]
[Date "2015.08.18"]
[Round "4"]
[White "Leko, Peter"]
[Black "Li, Chao b"]
[Result "0-1"]
[WhiteElo "2714"]
[BlackElo "2748"]
[PlyCount "92"]
[EventDate "2015.08.14"]

1. e4 e5 2. Nf3 Nf6 3. Nxe5 d6 4. Nf3 Nxe4 5. Nc3 Nxc3 6. dxc3 Be7 7. Be3 Nc6
8. Qd2 Be6 9. O-O-O Qd7 10. b3 Bf6 11. h3 h5 12. Bg5 Qe7 13. Bb5 O-O-O 14. Bxc6
bxc6 15. Rhe1 h4 16. Re4 Rh5 17. Bxf6 Qxf6 18. Rf4 Rf5 19. Rxf5 Bxf5 20. Qf4 g5
21. Nxg5 Re8 22. Kb2 Qg6 23. Rd2 Bd7 24. Qxh4 f6 25. Nf3 Qxg2 26. Qxf6 Qxh3 27.
Rd3 Qg2 28. Qd4 Kb7 29. Nd2 c5 30. Qf4 Re2 31. f3 Bb5 32. c4 Be8 33. Ka3 Bc6
34. Kb2 Qg7+ 35. Rc3 a5 36. Nb1 Qh8 37. a4 Be8 38. Na3 Kb6 39. Qg5 Bc6 40. Qf4
Rf2 41. Qc1 Rxf3 42. Nb1 Qf6 43. Qd2 Rh3 44. Qe2 Rh1 45. Nd2 Qd4 46. Qe3 Qg4
0-1

[Event "Russian Superfinal 2015"]
[Site "Chita RUS"]
[Date "2015.08.19"]
[Round "10"]
[White "Khairullin, I."]
[Black "Lysyj, I."]
[Result "1/2-1/2"]
[WhiteElo "2662"]
[BlackElo "2673"]
[PlyCount "81"]
[EventDate "2015.08.09"]

1. c4 Nf6 2. Nc3 c5 3. Nf3 e6 4. g3 b6 5. Bg2 Bb7 6. O-O Be7 7. d4 cxd4 8. Qxd4
O-O 9. Rd1 d6 10. Bg5 Nc6 11. Qf4 Qb8 12. Nb5 Ne5 13. Bxf6 Bxf6 14. Nxd6 Nxf3+
15. Bxf3 Bxf3 16. Qxf3 Bxb2 17. Rab1 Be5 18. c5 Qc7 19. Qe4 Qxc5 20. Rbc1 Bxd6
21. Rxc5 Bxc5 22. Qd3 a5 23. a4 Rae8 24. Kg2 e5 25. Qe4 Re7 26. g4 h6 27. Rd5
Rfe8 28. h4 g6 29. e3 Re6 30. h5 g5 31. Rd7 R6e7 32. Rd5 Re6 33. Kf3 Kg7 34.
Rd7 R6e7 35. Rxe7 Rxe7 36. Qc6 e4+ 37. Ke2 Re6 38. Qb7 Re7 39. Qc6 Re6 40. Qb7
Re7 41. Qc6 1/2-1/2

[Event "Russian Superfinal 2015"]
[Site "Chita RUS"]
[Date "2015.08.19"]
[Round "10"]
[White "Motylev, A."]
[Black "Vitiugov, N."]
[Result "1/2-1/2"]
[WhiteElo "2658"]
[BlackElo "2719"]
[PlyCount "46"]
[EventDate "2015.08.09"]

1. e4 e6 2. d4 d5 3. Nd2 Be7 4. Bd3 c5 5. dxc5 Nf6 6. Qe2 O-O 7. Ngf3 a5 8. O-O
Na6 9. e5 Nd7 10. c4 Naxc5 11. Bc2 dxc4 12. Rd1 b5 13. Ne4 Bb7 14. Nxc5 Bxc5
15. Bxh7+ Kxh7 16. Ng5+ Kg6 17. h4 Rh8 18. Qc2+ f5 19. exf6+ Kxf6 20. Qc3+ Kg6
21. Qc2+ Kf6 22. Qc3+ Kg6 23. Qc2+ Kf6 1/2-1/2

[Event "Russian Superfinal 2015"]
[Site "Chita RUS"]
[Date "2015.08.19"]
[Round "10"]
[White "Karjakin, Sergey"]
[Black "Tomashevsky, E."]
[Result "1/2-1/2"]
[WhiteElo "2753"]
[BlackElo "2747"]
[PlyCount "81"]
[EventDate "2015.08.09"]

1. Nf3 Nf6 2. g3 b6 3. Bg2 Bb7 4. O-O c5 5. d3 e6 6. e4 d6 7. Nbd2 Be7 8. c3
Nbd7 9. Qe2 Qc7 10. Rd1 O-O 11. d4 cxd4 12. cxd4 Rac8 13. Ne1 a6 14. Nd3 b5 15.
f3 a5 16. a3 Qb6 17. Qf2 Rc2 18. Ne1 Rc6 19. Nf1 Rfc8 20. Be3 Qd8 21. Bd2 Qb6
22. Be3 Qd8 23. Rac1 Nb6 24. Rxc6 Rxc6 25. Nd3 Nc4 26. Bc1 Rc8 27. Bh3 Rb8 28.
Qe1 Qb6 29. Qf2 b4 30. axb4 axb4 31. Ne3 Na5 32. Ng2 Ba6 33. Ngf4 Bc4 34. Be3
Qb5 35. Nc1 h6 36. Qc2 b3 37. Qf2 Nc6 38. Nce2 Nb4 39. Nc3 Qa6 40. Qd2 e5 41.
Nfe2 1/2-1/2

[Event "Russian Superfinal 2015"]
[Site "Chita RUS"]
[Date "2015.08.19"]
[Round "10"]
[White "Artemiev, V."]
[Black "Khismatullin, D."]
[Result "0-1"]
[WhiteElo "2671"]
[BlackElo "2642"]
[PlyCount "128"]
[EventDate "2015.08.09"]

1. c4 c5 2. Nf3 Nc6 3. Nc3 Nf6 4. d4 cxd4 5. Nxd4 e6 6. a3 Bc5 7. Nb3 Bb6 8.
Bf4 e5 9. Bg3 d6 10. e3 Be6 11. Bh4 h6 12. Bxf6 Qxf6 13. Be2 O-O 14. O-O Rad8
15. Nd2 Qe7 16. Nd5 Bxd5 17. cxd5 Nb8 18. b4 Nd7 19. Nc4 a6 20. Rc1 Ba7 21. Rc2
f5 22. Qd3 g6 23. Rfc1 Nf6 24. Na5 Rd7 25. Qb3 Qf7 26. b5 axb5 27. Bxb5 Re7 28.
Rc8 Rxc8 29. Rxc8+ Kg7 30. Bf1 f4 31. Nc4 Qxd5 32. a4 fxe3 33. fxe3 Qe6 34. Ra8
Bc5 35. h3 Rf7 36. Rb8 d5 37. Nb2 Nd7 38. Rxb7 Qf5 39. Bb5 Qf2+ 40. Kh2 Bxe3
41. Qd1 Bf4+ 42. Kh1 Qg3 43. Qg1 Nc5 44. Rxf7+ Kxf7 45. a5 e4 46. Nd1 Ke6 47.
a6 Bb8 48. Ne3 d4 49. Nc2 d3 50. Nd4+ Kf6 51. Nc6 e3 52. Nxb8 Ne4 53. Qa1+ Kg5
54. Bxd3 Nf2+ 55. Kg1 Nxh3+ 56. Kh1 Nf2+ 57. Kg1 Nxd3 58. a7 e2 59. Qa5+ Kh4
60. a8=Q e1=Q+ 61. Qxe1 Qxe1+ 62. Kh2 Ne5 63. g3+ Qxg3+ 64. Kh1 Ng4 0-1

[Event "Russian Superfinal 2015"]
[Site "Chita RUS"]
[Date "2015.08.19"]
[Round "10"]
[White "Svidler, P."]
[Black "Dubov, Daniil"]
[Result "1/2-1/2"]
[WhiteElo "2739"]
[BlackElo "2654"]
[PlyCount "62"]
[EventDate "2015.08.09"]

1. c4 c6 2. d4 d5 3. Nc3 Nf6 4. cxd5 cxd5 5. Bf4 Qb6 6. e3 Qxb2 7. Bb5+ Bd7 8.
Bxd7+ Nbxd7 9. Nge2 Qa3 10. Rb1 b6 11. O-O a6 12. f3 Qa5 13. e4 dxe4 14. fxe4
e5 15. dxe5 Nxe5 16. Bxe5 Qxe5 17. Qa4+ Nd7 18. Rf5 Bc5+ 19. Kh1 Qc7 20. Rd1
Ra7 21. Rfd5 b5 22. Qc2 Qc8 23. Qd2 Rc7 24. Ng3 Bb4 25. Qg5 O-O 26. Nf5 g6 27.
Rxd7 Rxd7 28. Nh6+ Kg7 29. Nf5+ Kg8 30. Nh6+ Kg7 31. Nf5+ Kg8 1/2-1/2

[Event "Russian Superfinal 2015"]
[Site "Chita RUS"]
[Date "2015.08.19"]
[Round "10"]
[White "Bukavshin, I."]
[Black "Jakovenko, D."]
[Result "1/2-1/2"]
[WhiteElo "2655"]
[BlackElo "2759"]
[PlyCount "74"]
[EventDate "2015.08.09"]

1. d4 Nf6 2. c4 e6 3. Nc3 Bb4 4. Nf3 c5 5. g3 cxd4 6. Nxd4 O-O 7. Bg2 d5 8.
cxd5 Nxd5 9. Qb3 Qa5 10. Bd2 Nc6 11. Nxc6 bxc6 12. O-O Bxc3 13. bxc3 Ba6 14.
Rfd1 Qc5 15. c4 Qxc4 16. e4 Nb6 17. Rdc1 Qxb3 18. axb3 Bb5 19. Be3 Rfb8 20. Bf1
h6 21. Bxb5 cxb5 22. Ra5 Nd7 23. Rc7 Nf6 24. Raxa7 Rxa7 25. Bxa7 Rd8 26. Rb7
Rd7 27. Rb8+ Kh7 28. Be3 Nxe4 29. Rxb5 g5 30. Kg2 Kg6 31. Kf3 Nc3 32. Rb8 f5
33. Re8 Kf7 34. Rh8 Kg7 35. Re8 Kf7 36. Rh8 Kg7 37. Re8 Kf7 1/2-1/2

[Event "Mamedyarov - Ragger (match) 2015"]
[Site "Vienna AUT"]
[Date "2015.08.17"]
[Round "1"]
[White "Mamedyarov, Shakhriyar"]
[Black "Ragger, Markus"]
[Result "1-0"]
[WhiteElo "2735"]
[BlackElo "2688"]
[PlyCount "51"]
[EventDate "2015.08.17"]

1. e4 e5 2. Nf3 Nc6 3. Bb5 a6 4. Bxc6 dxc6 5. O-O f6 6. d4 exd4 7. Nxd4 c5 8.
Nb3 Qxd1 9. Rxd1 Bg4 10. f3 Be6 11. Nc3 Bd6 12. Be3 b6 13. a4 a5 14. Nb5 O-O-O
15. Nxd6+ cxd6 16. Nd2 d5 17. exd5 Bxd5 18. b4 axb4 19. a5 bxa5 20. Bxc5 Nh6
21. Rxa5 Rhe8 22. Bb6 Rd6 23. Nc4 Bxc4 24. Rxd6 Re1+ 25. Kf2 Re2+ 26. Kg3 1-0

[Event "Mamedyarov - Ragger (match) 2015"]
[Site "Vienna AUT"]
[Date "2015.08.18"]
[Round "2"]
[White "Ragger, Markus"]
[Black "Mamedyarov, Shakhriyar"]
[Result "1/2-1/2"]
[WhiteElo "2688"]
[BlackElo "2735"]
[PlyCount "65"]
[EventDate "2015.08.17"]

1. d4 Nf6 2. c4 e6 3. Nf3 d5 4. g3 Bb4+ 5. Bd2 Bd6 6. Qc2 O-O 7. Bg2 c6 8. O-O
Nbd7 9. b3 Ne4 10. Nc3 f5 11. Bf4 Bxf4 12. gxf4 b6 13. Ne5 Nxe5 14. fxe5 Ba6
15. Rad1 Rc8 16. f4 Qe7 17. Nxe4 fxe4 18. Qd2 Kh8 19. Rc1 c5 20. cxd5 exd5 21.
dxc5 Rxc5 22. b4 Rxc1 23. Rxc1 Qe6 24. Rc7 g5 25. b5 Rc8 26. Qc3 Rxc7 27. Qxc7
Bxb5 28. Qd8+ Be8 29. Qxg5 h6 30. Qh4 Bd7 31. Kf2 b5 32. e3 b4 33. Qd8+ 1/2-1/2

[Event "Mamedyarov - Ragger (match) 2015"]
[Site "Vienna AUT"]
[Date "2015.08.19"]
[Round "3"]
[White "Mamedyarov, Shakhriyar"]
[Black "Ragger, Markus"]
[Result "1-0"]
[WhiteElo "2735"]
[BlackElo "2688"]
[PlyCount "83"]
[EventDate "2015.08.17"]

1. e4 e5 2. Nf3 Nc6 3. Bb5 a6 4. Bxc6 dxc6 5. O-O f6 6. d4 exd4 7. e5 Bg4 8.
Re1 Ne7 9. exf6 gxf6 10. Nbd2 Qd5 11. Ne4 O-O-O 12. Nxf6 Bxf3 13. Nxd5 Bxd1 14.
Nxe7+ Bxe7 15. Rxe7 Rhe8 16. Rxe8 Rxe8 17. Be3 Bxc2 18. Bxd4 Rd8 19. Be3 Rd1+
20. Rxd1 Bxd1 21. f3 Kd7 22. Kf2 a5 23. g4 a4 24. a3 Ke6 25. Kg3 b5 26. h4 Be2
27. h5 Bd3 28. f4 Be2 29. f5+ Kf7 30. h6 Kg8 31. Kf4 Bd3 32. g5 Kf7 33. Bd4 Kg8
34. Ke5 Kf7 35. Bc5 Bc4 36. g6+ Kg8 37. Kf6 Bd3 38. Ke6 hxg6 39. f6 Bc4+ 40.
Ke7 g5 41. f7+ Bxf7 42. h7+ 1-0

[Event "Li Chao - Leko (match) 2015"]
[Site "Szeged HUN"]
[Date "2015.08.19"]
[Round "5"]
[White "Li, Chao b"]
[Black "Leko, Peter"]
[Result "1/2-1/2"]
[WhiteElo "2748"]
[BlackElo "2714"]
[PlyCount "194"]
[EventDate "2015.08.14"]

1. c4 c5 2. Nf3 Nf6 3. Nc3 Nc6 4. g3 d5 5. cxd5 Nxd5 6. Bg2 g6 7. h4 Bg7 8. h5
Bf5 9. h6 Bf6 10. Ng5 Bxg5 11. Nxd5 Be6 12. Nc3 Rc8 13. d3 Bxc1 14. Rxc1 b6 15.
O-O O-O 16. Qd2 Nd4 17. Rfd1 Qd7 18. e3 Nf5 19. d4 Nxh6 20. d5 Bh3 21. e4 Kg7
22. e5 Qf5 23. Re1 Bxg2 24. Kxg2 Ng4 25. Qe2 h5 26. f3 Nh6 27. Rcd1 Rcd8 28.
Nb5 Rd7 29. d6 exd6 30. Rxd6 Re7 31. Nc3 Rfe8 32. f4 Ng4 33. Qe4 Qxe4+ 34. Rxe4
Re6 35. Rd7 R8e7 36. Rd8 Re8 37. Rd7 R6e7 38. Rd6 Nh6 39. Nd5 Rb7 40. Nf6 Rc8
41. Re1 Nf5 42. Rd2 Kf8 43. Kf3 Ke7 44. Red1 Nd4+ 45. Ke4 Rc6 46. b4 Ke6 47. a4
Rc8 48. Rd3 Nf5 49. b5 Nd4 50. Rc1 Rd8 51. Ra1 Rbb8 52. Rad1 a6 53. bxa6 Ra8
54. a5 Rxa6 55. Rb1 bxa5 56. Rb7 a4 57. Nh7 f6 58. exf6 Kd6 59. f7 Kc6 60. Re7
Raa8 61. Re5 a3 62. Rc3 a2 63. Rcxc5+ Kb6 64. Rc1 Nb3 65. Re1 Nd2+ 66. Ke3 Nc4+
67. Kf2 Nxe5 68. fxe5 Rh8 69. Nf6 a1=Q 70. Rxa1 Rxa1 71. e6 Ra7 72. e7 Rxe7 73.
Nd5+ Kc5 74. Nxe7 Rf8 75. Nxg6 Rxf7+ 76. Nf4 Kd4 77. Kg2 h4 78. Ne6+ Ke3 79.
gxh4 Rf6 80. Ng5 Kf4 81. Kf2 Rh6 82. Nf3 Ra6 83. Nd2 Ra3 84. Ke2 Rh3 85. h5
Rxh5 86. Kd3 Rd5+ 87. Kc3 Rd8 88. Nc4 Ke4 89. Nd2+ Ke3 90. Nc4+ Ke2 91. Nb6 Ke3
92. Nc4+ Ke4 93. Nd2+ Kd5 94. Kd3 Rh8 95. Ke3 Rh3+ 96. Nf3 Rxf3+ 97. Kxf3 Ke5
1/2-1/2

[Event "Russian Superfinal 2015"]
[Site "Chita RUS"]
[Date "2015.08.20"]
[Round "11"]
[White "Lysyj, I."]
[Black "Artemiev, V."]
[Result "1-0"]
[WhiteElo "2673"]
[BlackElo "2671"]
[PlyCount "99"]
[EventDate "2015.08.09"]

1. d4 Nf6 2. c4 g6 3. Nc3 d5 4. Nf3 Bg7 5. Qb3 dxc4 6. Qxc4 Be6 7. Qa4+ Bd7 8.
Qc2 c5 9. d5 O-O 10. e4 e6 11. Be2 exd5 12. exd5 Na6 13. Bg5 Bf5 14. Qb3 Nb4
15. O-O h6 16. Bxf6 Qxf6 17. Rac1 a6 18. Rfd1 b5 19. Ne1 Rfe8 20. a3 Bf8 21.
Rd2 Nd3 22. Nxd3 c4 23. Qd1 cxd3 24. Bxd3 Bd6 25. g3 Re5 26. Bxf5 Qxf5 27. Kg2
Rae8 28. Qf3 Qd7 29. h4 Qb7 30. Re2 Rxe2 31. Nxe2 Be5 32. b4 Rd8 33. Rd1 h5 34.
Nc1 Rd6 35. Nb3 Rf6 36. Qe4 Bd6 37. Qe8+ Kg7 38. Nc5 Qa7 39. Ne4 Rf5 40. Qc6
Bc7 41. d6 Bd8 42. d7 a5 43. Rd5 axb4 44. axb4 Qa2 45. Rxf5 gxf5 46. Qc3+ Kg6
47. Nc5 Qd5+ 48. Qf3 Qd6 49. Qa8 Qb6 50. Qd5 1-0

[Event "Russian Superfinal 2015"]
[Site "Chita RUS"]
[Date "2015.08.20"]
[Round "11"]
[White "Khismatullin, D."]
[Black "Bukavshin, I."]
[Result "1/2-1/2"]
[WhiteElo "2642"]
[BlackElo "2655"]
[PlyCount "118"]
[EventDate "2015.08.09"]

1. c4 e6 2. g3 d5 3. Bg2 Nf6 4. b3 dxc4 5. bxc4 Qd4 6. Nc3 Qxc4 7. Nf3 Bd6 8.
a4 a6 9. O-O O-O 10. Qc2 e5 11. d3 Qg4 12. h3 Qd7 13. Bg5 Nc6 14. Bxf6 gxf6 15.
Ne4 Be7 16. Rfc1 f5 17. Nc5 Qd6 18. a5 Bf6 19. Ra4 Bg7 20. g4 Ne7 21. Nh4 fxg4
22. hxg4 c6 23. Rb1 Qh6 24. Nf3 Nd5 25. e3 Re8 26. Rb3 Re7 27. Rc4 Ra7 28. g5
Qg6 29. Ne4 Bg4 30. Ng3 Be6 31. Rh4 Ra8 32. Rh5 Bg4 33. Rh4 f5 34. Qc4 Qf7 35.
Rxg4 fxg4 36. Nh4 Rc7 37. Rb1 e4 38. Nxe4 Nc3 39. Rb4 Rf8 40. Nd6 Qxc4 41. Rxc4
Nd1 42. Ndf5 g3 43. f4 Nb2 44. Rc2 Nxd3 45. Bd5+ Kh8 46. Bc4 Rd7 47. Nxg3 Nxf4
48. exf4 Rxf4 49. Nhf5 Bf8 50. Be6 Rd1+ 51. Kg2 Bb4 52. Bc8 Bxa5 53. Bxb7 Rd2+
54. Rxd2 Bxd2 55. Bxa6 Be1 56. Ne3 Rf2+ 57. Kh3 Rf3 58. Nef5 Bxg3 59. Nxg3 h6
1/2-1/2

[Event "Russian Superfinal 2015"]
[Site "Chita RUS"]
[Date "2015.08.20"]
[Round "11"]
[White "Tomashevsky, E."]
[Black "Svidler, P."]
[Result "1/2-1/2"]
[WhiteElo "2747"]
[BlackElo "2739"]
[PlyCount "65"]
[EventDate "2015.08.09"]

1. d4 Nf6 2. c4 g6 3. Nc3 d5 4. Bf4 Bg7 5. e3 c5 6. dxc5 Qa5 7. Rc1 dxc4 8.
Bxc4 O-O 9. Nge2 Nc6 10. O-O Qxc5 11. Nb5 Be6 12. Bd3 Qb4 13. Nc7 Bxa2 14. Nxa8
Rxa8 15. Ra1 Be6 16. Qa4 Nd5 17. Bb5 Nxf4 18. Nxf4 Bb3 19. Qxb4 Nxb4 20. Rac1
a5 21. Rc7 a4 22. Rxb7 Bxb2 23. Be2 Na2 24. Bf3 Rd8 25. Nd5 e6 26. Rb1 a3 27.
Rxb3 exd5 28. R3xb2 axb2 29. Rxb2 Nc3 30. Rc2 Ne4 31. Rb2 Nc3 32. Rc2 Ne4 33.
Rb2 1/2-1/2

[Event "Russian Superfinal 2015"]
[Site "Chita RUS"]
[Date "2015.08.20"]
[Round "11"]
[White "Jakovenko, D."]
[Black "Karjakin, Sergey"]
[Result "1/2-1/2"]
[WhiteElo "2759"]
[BlackElo "2753"]
[PlyCount "81"]
[EventDate "2015.08.09"]

1. e4 c5 2. Nf3 d6 3. d4 cxd4 4. Nxd4 Nf6 5. Nc3 a6 6. Be3 Ng4 7. Bg5 h6 8. Bh4
g5 9. Bg3 Bg7 10. Be2 h5 11. Bxg4 hxg4 12. Nd5 Nc6 13. Nf5 Bxf5 14. exf5 Bxb2
15. Rb1 Qa5+ 16. Qd2 Bf6 17. Rxb7 O-O 18. Qxa5 Nxa5 19. Rb4 Rfb8 20. Bxd6 Rd8
21. Nxf6+ exf6 22. Bg3 Rac8 23. Rxg4 Rxc2 24. O-O Rd5 25. h4 Rxf5 26. Ra4 Kg7
27. Rd1 Nc6 28. Rxa6 gxh4 29. Bxh4 Rc4 30. f3 Nb4 31. Ra4 Rxh4 32. Rb1 Rb5 33.
g4 Nxa2 34. Rxb5 Nc3 35. Raa5 Nxb5 36. Rxb5 Rh8 37. Kg2 Ra8 38. Kg3 Rh8 39. Ra5
Re8 40. g5 fxg5 41. Rxg5+ 1/2-1/2

[Event "Russian Superfinal 2015"]
[Site "Chita RUS"]
[Date "2015.08.20"]
[Round "11"]
[White "Vitiugov, N."]
[Black "Khairullin, I."]
[Result "1/2-1/2"]
[WhiteElo "2719"]
[BlackElo "2662"]
[PlyCount "81"]
[EventDate "2015.08.09"]

1. d4 Nf6 2. c4 e6 3. Nc3 Bb4 4. f3 d5 5. a3 Bxc3+ 6. bxc3 c5 7. cxd5 Nxd5 8.
dxc5 Qa5 9. e4 Ne7 10. Be3 O-O 11. Qb3 Qc7 12. Nh3 e5 13. Nf2 Nec6 14. Rb1 Na5
15. Qa4 Be6 16. Be2 Nd7 17. Rb5 b6 18. O-O Rfc8 19. Rd1 Nb7 20. cxb6 axb6 21.
Qb4 Qxc3 22. Qxc3 Rxc3 23. Bxb6 Nxb6 24. Rxb6 Nc5 25. Nd3 Nd7 26. Rd6 h6 27.
Nb4 Nf8 28. Nc6 Ng6 29. Rd8+ Rxd8 30. Rxd8+ Kh7 31. Rd6 Rxa3 32. g3 Ra1+ 33.
Kf2 Ra2 34. Kf1 Ra1+ 35. Kf2 Ra2 36. Ke3 Ra3+ 37. Kd2 Ra2+ 38. Ke1 Ra1+ 39. Kd2
Ra2+ 40. Ke3 Ra3+ 41. Kf2 1/2-1/2

[Event "Russian Superfinal 2015"]
[Site "Chita RUS"]
[Date "2015.08.20"]
[Round "11"]
[White "Dubov, Daniil"]
[Black "Motylev, A."]
[Result "1/2-1/2"]
[WhiteElo "2654"]
[BlackElo "2658"]
[PlyCount "86"]
[EventDate "2015.08.09"]

1. Nf3 d5 2. g3 c6 3. Bg2 Bg4 4. h3 Bxf3 5. Bxf3 Nd7 6. d3 Ngf6 7. O-O e5 8.
Nd2 Be7 9. b3 O-O 10. Bb2 a5 11. a4 Qc7 12. e3 Rfe8 13. Qe2 Rad8 14. Bg2 Bb4
15. Nf3 Nf8 16. e4 Ng6 17. Rad1 h6 18. Nh2 Qb6 19. Ng4 Nxg4 20. hxg4 Nf8 21.
Kh1 dxe4 22. Bxe4 Nd7 23. f4 exf4 24. gxf4 Nc5 25. Qf2 Nxa4 26. Qxb6 Nxb6 27.
c3 Bd6 28. Ra1 Ra8 29. g5 hxg5 30. fxg5 Nd7 31. g6 Nf6 32. c4 Be5 33. Bxe5 Rxe5
34. Rf5 Rxf5 35. Bxf5 c5 36. Kg2 b6 37. Kf3 Re8 38. Rd1 Rd8 39. Rg1 Rd4 40.
gxf7+ Kxf7 41. Bg6+ Ke7 42. Re1+ Kd8 43. Re6 Kc7 1/2-1/2

[Event "Chinese League (Division A) 2015"]
[Site "China CHN"]
[Date "2015.08.20"]
[Round "12"]
[White "Wei, Yi"]
[Black "Gao, Rui"]
[Result "1-0"]
[WhiteElo "2706"]
[BlackElo "2533"]
[PlyCount "93"]
[EventDate "2015.04.10"]
[WhiteTeam "Jiangsu"]
[BlackTeam "Hangzhou"]

1. e4 c5 2. Nc3 d6 3. Nf3 Nc6 4. d4 cxd4 5. Nxd4 Nf6 6. f3 e5 7. Nb3 Be7 8. Be3
O-O 9. Qd2 a5 10. Bb5 Na7 11. Bd3 Be6 12. Rd1 Nc8 13. O-O Nb6 14. Qf2 Nc4 15.
Bxc4 Bxc4 16. Rfe1 b5 17. Nd2 Qc8 18. Nxc4 Qxc4 19. Qe2 Rfc8 20. Qxc4 Rxc4 21.
Nxb5 Rxc2 22. Rd2 Rxd2 23. Bxd2 a4 24. Nc3 Bd8 25. Kf1 Bb6 26. Ke2 Kf8 27. Rc1
h6 28. Be3 Bxe3 29. Kxe3 Ke7 30. Kd3 Ke6 31. Rc2 d5 32. Nxd5 Nxd5 33. Rc6+ Kd7
34. exd5 Rb8 35. Kc3 Rb5 36. Rc4 a3 37. bxa3 Rxd5 38. a4 f5 39. a3 g5 40. Kb4
Rd6 41. a5 Re6 42. Kb5 e4 43. fxe4 fxe4 44. a6 e3 45. a7 e2 46. a8=Q Re5+ 47.
Ka4 1-0

[Event "Chinese League (Division A) 2015"]
[Site "China CHN"]
[Date "2015.08.20"]
[Round "12"]
[White "Wang, Yue"]
[Black "Ni, Hua"]
[Result "1/2-1/2"]
[WhiteElo "2726"]
[BlackElo "2704"]
[PlyCount "61"]
[EventDate "2015.04.10"]
[WhiteTeam "Tianjing"]
[BlackTeam "Shanghai"]

1. d4 d5 2. Nf3 Nf6 3. c4 c6 4. Nc3 a6 5. a4 e6 6. Bg5 Nbd7 7. e3 h6 8. Bh4 Be7
9. Bd3 O-O 10. O-O c5 11. cxd5 Nxd5 12. Bxe7 Nxe7 13. Rc1 cxd4 14. Nxd4 Nf6 15.
Ne4 Ned5 16. Nxf6+ Nxf6 17. Nf3 Qa5 18. Bc2 Bd7 19. Qd2 Qxd2 20. Nxd2 Rfc8 21.
Ne4 Nxe4 22. Bxe4 Rxc1 23. Rxc1 Bxa4 24. Bxb7 Rb8 25. Bxa6 Rxb2 26. h4 Rb8 27.
Rc8+ Rxc8 28. Bxc8 g5 29. hxg5 hxg5 30. f4 gxf4 31. exf4 1/2-1/2

[Event "Chinese League (Division A) 2015"]
[Site "China CHN"]
[Date "2015.08.20"]
[Round "12"]
[White "Liu, Guanchu"]
[Black "Yu, Yangyi"]
[Result "0-1"]
[WhiteElo "2379"]
[BlackElo "2724"]
[PlyCount "50"]
[EventDate "2015.04.10"]
[WhiteTeam "Chengdu"]
[BlackTeam "Beijing"]

1. e4 c5 2. Nf3 Nc6 3. Nc3 e6 4. d4 cxd4 5. Nxd4 Nf6 6. Ndb5 d6 7. Bf4 e5 8.
Bg5 a6 9. Na3 b5 10. Bxf6 gxf6 11. Nd5 f5 12. Bd3 Be6 13. O-O Bxd5 14. exd5 Ne7
15. Nxb5 Bg7 16. Nc3 e4 17. Bc4 O-O 18. Qh5 Qc7 19. Bb3 Bxc3 20. bxc3 f4 21.
Ba4 Qxc3 22. Qg5+ Ng6 23. h4 Kh8 24. Rae1 f6 25. Qf5 Rg8 0-1

[Event "Chinese League (Division A) 2015"]
[Site "China CHN"]
[Date "2015.08.20"]
[Round "12"]
[White "Zhang, Ziji"]
[Black "Bu, Xiangzhi"]
[Result "0-1"]
[WhiteElo "2223"]
[BlackElo "2681"]
[PlyCount "54"]
[EventDate "2015.04.10"]
[WhiteTeam "Heibei"]
[BlackTeam "Chongqing"]

1. d4 g6 2. Nf3 Bg7 3. g3 c5 4. Bg2 cxd4 5. Nxd4 Nc6 6. Nxc6 bxc6 7. c4 Rb8 8.
Qc2 Nh6 9. O-O O-O 10. Nc3 Nf5 11. e3 Qc7 12. c5 Rb4 13. Ne4 d5 14. cxd6 exd6
15. Nc3 Rc4 16. Bd2 d5 17. Rfe1 a5 18. Rac1 Rd8 19. b3 Rc5 20. Qd3 d4 21. exd4
Nxd4 22. Bf4 Qa7 23. Ne4 Ba6 24. Qb1 Ne2+ 25. Kh1 Rxc1 26. Bxc1 Bd3 27. Rd1 Qd4
0-1